000
00214nam a22000857a 4500
008
170112b xxu||||| |||| 00| 0 eng d
100
_9
2355
_a
Dewan.P.etal.
245
_a
English Grammar-4
260
_a
New Delhi
_b
E.P.
_c
2009
999
_c
5317
_d
5317